| 000 | 00636nam a2200229 a 4500 | ||
|---|---|---|---|
| 001 | 50174 | ||
| 003 | BD-RjUL | ||
| 005 | 20211209075453.0 | ||
| 008 | 160824s1985 ii ||||| |||| 00| 0 eng d | ||
| 035 | _a(BD-RjUL)50294 | ||
| 040 |
_aBD-RjUL _beng _cBD-RjUL _dBD-RjUL |
||
| 041 | _aeng | ||
| 082 |
_222 _a370.15 _bKUE 1985 |
||
| 100 |
_aKundu, C.L. _9150403 |
||
| 245 |
_aEducational psychology / _cC.L. Kundu |
||
| 246 | _b4th rev. ed. | ||
| 260 |
_aNew delhi : _bSterling Publishers private Limited, _cc1985 |
||
| 300 |
_a576 p. ; _c21 cm. |
||
| 500 | _aIncludes Index | ||
| 650 |
_aEducational psychology _9150404 |
||
| 942 |
_2ddc _cBK |
||
| 999 |
_c50174 _d50174 |
||